00523 2200205 4500001002100000008004100021035002000062245007400082100001900156250000600175260004100181300001100222084001400233082000800247650001400255990001200269990001200281990001200293990001200305INLIS000000000000551 ind  a0010-0424000527 aEnsiklopedia Seni Budaya; Cara Terbaru Belajar DrumcBenny F. Herawan aHerawan, Benny a1 aYogyakarta :bCitra Aji Paramac2013 a80 hlm a700 BEN e a700 aNon Fiksi a0722232 a0722233 a0722234 a0722235